El misterio de los antiguos / (Registro nro. 9255)

Detalles MARC
000 -LIDER
fixed length control field 00919nam a22002657a 4500
003 - IDENTIFICACDOR DE NÚMERO DE CONTROL
control field DO-SdBNP
005 - DATE AND TIME OF LATEST TRANSACTION
control field 20240412133825.0
008 - ELEMENTOS DE LONGITUD FIJA
fixed length control field 160316b1988 sp | 00| 0 spa d
020 ## - ISBN
International Standard Book Number 8477221324
040 ## - FUENTE DE CATALOGACIÓN
Agencia que crea de manera original el registro BPMSU
Idioma de catalogación spa
Agencia que realiza la transcripción BPMSU
082 #4 - NÚMERO DE CLASIFICACIÓN DECIMAL DE DEWEY
Classification number 813.5
Item number S594m 1988
Edition number 22
100 1# - ASIENTO PRINCIPAL -- NOMBRE PERSONAL
Nombre personal Simon, Morris
Fechas asociadas con el nombre 1926–2005
245 13 - MENCIÓN DE TITULO
Título El misterio de los antiguos /
Mención de responsabilidad Morris Simon ; ilustraciones interiores, Doug Chaffee ; traducción, Jaime de Marcos Andreu.
260 ## - PUBLICACIÓN, DISTRIBUCIÓN, ETC. (PIE DE IMPRENTA)
Lugar de publicación, distribución, etc Barcelona :
Nombre del editor, distribuidor, etc. Timun Mas,
Fecha de publicación, distribución, etc 1988
300 ## - DESCRIPCIÓN FÍSICA
Extensión 157 p. :
Otros detalles físicos il. ;
Dimensiones 19 cm.
490 0# - MENCIÓN DE SERIES
Mención de serie Aventura sin fin de Dungeons & Dragons
Volume/sequential designation 22
534 ## - NOTA SOBRE LA VERSIÓN ORIGINAL
Frase introductoria Título original :
Mención del título original Mistery of the ancients
590 ## - NOTA LOCAL
Texto de la nota local Inventariado, 2024/VM
650 #4 - ENCABEZAMIENTO DE MATERIA--TEMÁTICO
Término temático o nombre geográfico como elemento de entrada Cuentos juveniles estadounidenses
700 1# - ASIENTO SECUNDARIO -- NOMBRE PERSONAL
Nombre personal Andreu, Jaime de Marcos
Mención de responsabilidad tr.
700 1# - ASIENTO SECUNDARIO -- NOMBRE PERSONAL
Nombre personal Chaffee, Doug,
Mención de responsabilidad il.
700 1# - ASIENTO SECUNDARIO -- NOMBRE PERSONAL
Nombre personal Chaffee, Doug,
Mención de responsabilidad il.
910 ## - VALIDACIÓN
Validación VMate V. Control de calidad. BPMSU
942 ## - ADDED ENTRY ELEMENTS (KOHA)
Source of classification or shelving scheme Dewey Decimal Classification
Koha item type Libros
Existencias
Withdrawn status Lost status Source of classification or shelving scheme Damaged status Not for loan Collection code Home library Current library Date acquired Source of acquisition Total Checkouts Full call number Barcode Date last seen Price effective from Koha item type
    Dewey Decimal Classification     Colección Juvenil General Biblioteca Pública Metropolitana Salomé Ureña Biblioteca Pública Metropolitana Salomé Ureña 03/16/2016 FUNDI   BPMSU CJG 813.5 S594m 1988 BPMSU16030130 03/16/2016 03/16/2016 Libros